[Event "Seville op 42nd"]
[Site "Seville"]
[Date "2017.01.13"]
[Round "1"]
[White "Santos Latasa, Jaime"]
[Black "Gil Belizon, Diego"]
[Result "1-0"]
[WhiteElo "2566"]
[BlackElo "1850"]
[PlyCount "77"]
[EventDate "2017.01.13"]
[EventType "swiss"]
[EventRounds "9"]
[EventCountry "ESP"]
[SourceTitle "EXT 2019"]
[Source "ChessBase"]
[SourceDate "2018.10.10"]
[SourceVersion "1"]
[SourceVersionDate "2018.10.10"]
[SourceQuality "1"]

1. d4 d5 2. c4 c6 3. Nf3 Nf6 4. Qb3 dxc4 5. Qxc4 Nbd7 6. g3 Nb6 7. Qd3 g6 8. Nc3 Be6 9. Bg2 Bg7 10. 0-0 0-0 11. Rd1 Qd7 12. e4 Rfd8 13. Qc2 Bg4 14. b3 Bxf3 15. Bxf3 Qh3 16. Bg2 Qh5 17. Bb2 Rac8 18. h3 Ne8 19. e5 Nc7 20. Ne4 Nd7 21. f4 Nd5 22. Qf2 Qf5 23. Re1 Nf8 24. h4 Qd7 25. Nc5 Qc7 26. f5 f6 27. Bh3 b6 28. Nd3 gxf5 29. e6 f4 30. gxf4 Ng6 31. Re4 f5 32. Bxf5 Nf6 33. Re2 Nh5 34. Rf1 c5 35. Bxg6 hxg6 36. Qg2 Rxd4 37. Qxg6 Nxf4 38. Nxf4 Qd6 39. Nh5 1-0

[Event "Cadiz Region-ch Youth+Experts"]
[Site "Chipiona"]
[Date "2016.02.06"]
[Round "1.2"]
[White "Gil Belizon, Diego"]
[Black "Pavon Cardenas, Jesus Miguel"]
[Result "0-1"]
[WhiteElo "1849"]
[BlackElo "2321"]
[PlyCount "74"]
[EventDate "2016.02.06"]
[EventType "swiss"]
[EventRounds "6"]
[EventCountry "ESP"]
[SourceTitle "EXT 2024"]
[Source "ChessBase"]
[SourceDate "2023.10.10"]
[SourceVersion "1"]
[SourceVersionDate "2023.10.10"]
[SourceQuality "1"]

1. d4 Nf6 2. Nf3 e6 3. Bf4 b6 4. e3 Bb7 5. Nbd2 c5 6. c3 d6 7. h3 Nbd7 8. Be2 Be7 9. 0-0 Qc7 10. Bh2 0-0 11. a3 Rac8 12. Re1 a6 13. Bd3 Rfd8 14. Qe2 b5 15. e4 e5 16. d5 c4 17. Bc2 g6 18. Nf1 a5 19. N3d2 Bf8 20. f4 exf4 21. Bxf4 Re8 22. Ng3 Nxd5 23. Bg5 h6 24. Bh4 Bg7 25. Qg4 Ne5 26. Qe2 Qc5+ 27. Kh1 Nf4 28. Qf1 Nfd3 29. b4 Qf2 30. Re2 Qxf1+ 31. Rxf1 axb4 32. axb4 Ra8 33. Nb1 g5 34. Nf5 gxh4 35. Nxd6 Re7 36. Nxb5 Rd8 37. N5a3 Ng6 0-1

[Event "San Fernando op 24th"]
[Site "San Fernando"]
[Date "2011.07.18"]
[Round "5"]
[White "Gil Belizon, Diego"]
[Black "Mingo Fernandez, Matias"]
[Result "0-1"]
[WhiteElo "1727"]
[BlackElo "2189"]
[PlyCount "90"]
[EventDate "2011.07.16"]
[EventType "swiss"]
[EventRounds "7"]
[EventCountry "ESP"]
[SourceTitle "CBM 143 Extra"]
[Source "ChessBase"]
[SourceDate "2011.08.29"]
[SourceVersion "1"]
[SourceVersionDate "2011.08.29"]
[SourceQuality "1"]

1. d4 d5 2. Nf3 Nf6 3. b3 Bf5 4. e3 e6 5. Bd3 Ne4 6. 0-0 Nd7 7. Bb2 Qf6 8. Nbd2 Bd6 9. c4 c6 10. Qe2 Qh6 11. g3 Bg4 12. Bxe4 dxe4 13. Nxe4 Be7 14. Ned2 Bb4 15. Qd3 Qh5 16. e4 Bxd2 17. Nxd2 Be2 18. Qc3 Bxf1 19. Rxf1 0-0 20. d5 e5 21. c5 Rac8 22. d6 Qe2 23. f4 f6 24. Rf2 Qb5 25. b4 a5 26. Qb3+ Kh8 27. Bc3 axb4 28. Bxb4 Ra8 29. Qc4 Qxc4 30. Nxc4 Kg8 31. a3 Rfe8 32. f5 Kf7 33. Kg2 Reb8 34. Rd2 Ke8 35. Kf3 Ra4 36. Na5 Ra8 37. Nxb7 Rb8 38. Rc2 Rxb7 39. Rc4 Nb8 40. Rc2 Kd7 41. h4 Na6 42. Be1 Rxa3+ 43. Kg4 Rb5 44. Bf2 Raa5 45. Kh5 Nxc5 0-1

[Event "Cadiz op 17th"]
[Site "Cadiz"]
[Date "2010.07.05"]
[Round "1.4"]
[White "Gil Belizon, Diego"]
[Black "Cordon Gutierrez, Juan Pedro"]
[Result "1-0"]
[WhiteElo "1686"]
[BlackElo "2192"]
[PlyCount "59"]
[EventDate "2010.07.05"]
[EventType "swiss"]
[EventRounds "7"]
[EventCountry "ESP"]
[SourceTitle "EXT 2024"]
[Source "ChessBase"]
[SourceDate "2023.10.10"]
[SourceVersion "1"]
[SourceVersionDate "2023.10.10"]
[SourceQuality "1"]

1. Nf3 Nf6 2. d4 e6 3. g3 d5 4. Bg2 c5 5. c3 Nc6 6. 0-0 Be7 7. b3 0-0 8. Bb2 cxd4 9. cxd4 b6 10. Nbd2 Ba6 11. a3 Rc8 12. b4 Ne4 13. Nxe4 dxe4 14. Ne5 f5 15. Nxc6 Rxc6 16. f3 exf3 17. Bxf3 Rd6 18. Qb3 Bf6 19. b5 Bc8 20. e3 Rf7 21. Bg2 g6 22. Rac1 Bb7 23. Bxb7 Rxb7 24. Rc6 Kg7 25. Rfc1 Qd7 26. a4 Rd5 27. h4 g5 28. hxg5 Bxg5 29. Kf2 h5 30. Qd1 1-0